000 00439nam a2200169Ia 4500
003 GCL
008 140319s9999 xx 000 0 ara d
040 _aGCL /
_cGCL
082 0 4 _aط
_b813.081
_bح ب
100 1 _aحاتم الصكر
245 1 0 _aبابل /
_cحاتم الصكر
490 _aسلسلة وطنى
_v0
650 0 4 _aالاطفال
650 0 4 _aالقصص التاريخية
650 0 4 _aالقصص
942 _2ddc
_cBK
999 _c44737
_d44737